🎊 Largest City Ending in O by Country Quiz Stats

Quiz not verified by Sporcle

Challenge
Share
Tweet
Embed
Score 0/126 Timer 20:00
0 Plays Today
Country City, Town % Correct
JapanTokyo
98.5%
BrazilSão Paulo
94.8%
EgyptCairo
94%
CanadaToronto
93.3%
ChileSantiago
91.8%
CubaSantiago
91.8%
NorwayOslo
91.8%
United StatesChicago
89.6%
EcuadorQuito
86.6%
PortugalPorto
86.6%
MadagascarAntananarivo
85.8%
UruguayMontevideo
85.8%
SyriaAleppo
85.1%
Dominican Rep.Santo Domingo
84.3%
ItalyPalermo
82.1%
MaliBamako
80.6%
CzechiaBrno
79.1%
MozambiqueMaputo
77.6%
SwedenMalmö
76.1%
NigeriaKano
75.4%
Sri LankaColombo
75.4%
Bosnia &.H.Sarajevo
73.9%
VenezuelaMaracaibo
73.9%
ArgentinaRosario
70.9%
FinlandEspoo
69.4%
South AfricaSoweto
66.4%
MonacoMonaco
62.7%
SpainBilbao
62.7%
San MarinoSan Marino
61.9%
SurinameParamaribo
60.4%
Equat.GuineaMalabo
58.2%
BeninPorto-Novo
56.7%
PhilippinesDavao
54.5%
Sierra.LeoneBo
51.5%
ZimbabweBulawayo
50.7%
BoliviaEl Alto
47%
BelarusGrodno
45.5%
PeruTrujillo
44%
Marshall Isl.Majuro
42.4%
Burkina F.Bobo-Dioulasso
37.3%
ChinaQingdao
37.3%
AngolaHuambo
33.6%
Country City, Town % Correct
Côte d'IvoireYamoussoukro
30.6%
MexicoHermosillo
29.9%
SwitzerlandLugano
26.1%
RussiaKemerovo
25.4%
Centr.Afr.Rep.Bimbo
24.6%
Costa RicaSan Francisco
22.4%
FranceAjaccio
22.4%
IrelandSligo
20.9%
SomaliaBosaso
19.4%
MacedoniaKumanovo
18.7%
NetherlandsHengelo
18.7%
GuatemalaMixco
16.4%
Trinidad & T.San Fernando
16.4%
VietnamCần Thơ
15.7%
Cabo VerdeMindelo
14.2%
PolandJaworzno
14.2%
MicronesiaWeno
13.4%
BhutanParo
12.7%
GhanaHo
12.7%
North KoreaNampo
12.7%
IndonesiaManado
11.2%
BelgiumWaterloo
10.4%
SloveniaNovo Mesto
10.4%
GermanyLemgo
9.7%
D.R.CongoButembo
9%
SerbiaPančevo
9%
AustraliaBendigo
8.2%
BulgariaHaskovo
8.2%
ColombiaSan Juan de Pasto
8.2%
ParaguaySan Lorenzo
8.2%
MaldivesHithadhoo ހިތަދޫ
7.5%
MauritaniaRosso
7.5%
PanamaSan Miguelito
7.5%
MyanmarBago
6.7%
KiribatiBetio
6.7%
South SudanYambio
6.7%
TanzaniaMorogoro
6.7%
DenmarkHolstebro
6%
HondurasEl Progreso
6%
NamibiaKatima Mulilo
4.5%
Solomon Isl.Gizo
4.5%
IndiaMango
3.7%
Country City, Town % Correct
São Tomé & T.Santo Amaro
3.7%
HungaryGödöllő
3%
South KoreaGunpo
3%
KosovoPodujevo
3%
CambodiaTa Khmao
2.2%
El SalvadorSoyopango
2.2%
KenyaMolo
2.2%
NicaraguaCiudad Sandino
2.2%
ChadKélo
1.5%
ComorosKoni-Djodjo
1.5%
IsraelKiryat Ono
1.5%
SlovakiaKomárno
1.5%
ThailandChachoengsao
1.5%
UgandaMukono
1.5%
AndorraOrdino
0.7%
BelizeSan Ignacio
0.7%
CameroonMokolo
0.7%
Rep of.CongoImpfondo
0.7%
CroatiaĐakovo
0.7%
Timor-LesteBobonaro
0.7%
Guinea-BissauCatio
0.7%
JamaicaPort Antonio
0.7%
LiberiaPleebo
0.7%
NigerDosso
0.7%
TogoAného
0.7%
TunisiaLe Bardo
0.7%
BurundiRugombo
0%
Georgia Tsqaltubo
0%
AlgeriaCollo
0%
GreeceAgrinio
0%
MalawiThyolo
0%
MontenegroIgalo
0%
NauruAiwo
0%
Papua N.G.Kokopo
0%
RwandaRuhango
0%
SamoaSolosolo
0%
SenegalGuiguinéo
0%
SwazilandNhlangano
0%
TaiwanXiluo
0%
TongaHaveluloto
0%
VanuatuLakatoro
0%
ZambiaMporokoso
0%

You're not logged in!

Compare scores with friends on all Sporcle quizzes.
Sign Up with Email
OR
Log In

You Might Also Like...

Show Comments

Extras

Top Quizzes Today


Score Distribution

Your Account Isn't Verified!

In order to create a playlist on Sporcle, you need to verify the email address you used during registration. Go to your Sporcle Settings to finish the process.

Report this User

Report this user for behavior that violates our Community Guidelines.

Details: